00430nam a2200133Ia 4500008004100000082001600041100003100057245008800088260003900176300001400215520001100229650002800240700002800268230907s9999||||xx |||||||||||||| ||und|| a621.31bAFS aAfshan Qamar (00000171530) 0aDetermination of optimal online degradation rate computation model for PV systems / aUSPCAS-E, NUST,bIslamabad :c2018 axv, 68 p. aTH-109 aMS-EEP Thesis MS Thesis aDr Syed Ali Abbas Kazmi